| 000 | 00457nam a2200157 i 4500 | ||
|---|---|---|---|
| 001 | 38495 | ||
| 003 | ES-MaACL | ||
| 005 | 20230906155752.0 | ||
| 007 | t| | ||
| 008 | 030225s1966 sp ||||1| spa d | ||
| 100 | 1 |
_aCamacho Alvarez, José. _933968 |
|
| 245 | 1 | 0 |
_aEspacio inútil / _cJosé Camacho Alvarez. |
| 260 |
_aJerez de la Frontera : _b[s.n., _c1966] ( _fImp. Jerez Industrial) |
||
| 300 |
_a126 p. ; _c19 cm. |
||
| 852 |
_aES-MaACL _jC-31959 _bR.62484 |
||
| 999 |
_c38495 _d38495 |
||